[Event "Nordic-ch Seniors"]
[Site "Elsinore"]
[Date "2007.07.26"]
[Round "6"]
[White "Wicklund Hansen, Richard"]
[Black "Westerinen, Heikki"]
[Result "0-1"]
[WhiteElo "1944"]
[BlackElo "2385"]
[PlyCount "40"]
[EventDate "2007.07.21"]
[EventType "swiss"]
[EventRounds "9"]
[EventCountry "DEN"]
[Source "ChessBase"]
[SourceDate "2009.11.30"]

1. b3 e5 2. Bb2 Nc6 3. e3 Nf6 4. Bb5 Bd6 5. Nf3 e4 6. Nd4 O-O 7. Nf5 Be5 8. Nc3
d5 9. Ng3 d4 10. exd4 Nxd4 11. Bf1 Re8 12. Nge2 Nf3+ 13. gxf3 exf3 14. Qc1 Bg4
15. d3 fxe2 16. Bg2 c6 17. Ne4 Bxb2 18. Qxb2 Nxe4 19. Bxe4 Rxe4 20. Rg1 Qd4 0-1

[Event "Nordic-ch Seniors"]
[Site "Elsinore"]
[Date "2007.07.23"]
[Round "3"]
[White "Wicklund Hansen, Richard"]
[Black "Andersson, Mats"]
[Result "1-0"]
[WhiteElo "1944"]
[BlackElo "2328"]
[PlyCount "67"]
[EventDate "2007.07.21"]
[EventType "swiss"]
[EventRounds "9"]
[EventCountry "DEN"]
[Source "ChessBase"]
[SourceDate "2009.11.30"]

1. d4 d5 2. Nf3 c6 3. c4 e6 4. e3 Nd7 5. Nc3 Ngf6 6. Bd3 Be7 7. cxd5 exd5 8.
O-O O-O 9. b3 Bb4 10. Qc2 Bxc3 11. Qxc3 Ne4 12. Qc2 f5 13. Bb2 Ndf6 14. Ne5 Be6
15. f3 Nd6 16. Ba3 g6 17. Qc5 Nfe8 18. e4 Rf6 19. Nxc6 bxc6 20. e5 Nb7 21. Qxc6
Na5 22. Qa6 Bc8 23. Qb5 Re6 24. Bd6 Bb7 25. Bb4 Qb6 26. Bxa5 Qxd4+ 27. Kh1 Ba6
28. Qd7 Bc8 29. Qb5 a6 30. Bb6 Qxa1 31. Qxd5 Qxe5 32. Qxa8 Rxb6 33. Qxc8 a5 34.
f4 1-0